[Event "Struga Lake Queen U18 op"]
[Site "Struga"]
[Date "2023.09.08"]
[Round "1"]
[White "Lusheski, Konstantin"]
[Black "Djorovic, Jovan"]
[Result "1-0"]
[WhiteElo "1799"]
[BlackElo "1333"]
[PlyCount "53"]
[EventDate "2023.09.08"]
[EventType "swiss"]
[EventRounds "6"]
[EventCountry "MKD"]
[SourceTitle "EXT 2024"]
[Source "ChessBase"]
[SourceDate "2023.10.10"]
[SourceVersion "1"]
[SourceVersionDate "2023.10.10"]
[SourceQuality "1"]

1. e4 d6 2. d4 g6 3. Nc3 Bg7 4. f4 f5 5. Nf3 b6 6. e5 e6 7. Be3 Ne7 8. Qd2 Bb7 9. exd6 cxd6 10. Bc4 d5 11. Bd3 Nbc6 12. 0-0-0 Qd7 13. Rhe1 h6 14. Bf2 Kf7 15. Re2 Rhe8 16. Rde1 Nc8 17. Bb5 Nd6 18. Ne5+ Bxe5 19. fxe5 Nxb5 20. Nxb5 Kg7 21. Nd6 Rf8 22. Bh4 Ba6 23. Bf6+ Kh7 24. Re3 f4 25. Ra3 Bb7 26. Qxf4 Ne7 27. Qxh6+ 1-0

[Event "Struga Lake Queen U18 op"]
[Site "Struga"]
[Date "2022.09.08"]
[Round "2"]
[White "Farmakoski, Georg"]
[Black "Djorovic, Jovan"]
[Result "1/2-1/2"]
[WhiteElo "1506"]
[BlackElo "1314"]
[PlyCount "57"]
[EventDate "2022.09.07"]
[EventType "swiss"]
[EventRounds "7"]
[EventCountry "MKD"]
[SourceTitle "EXT 2023"]
[Source "ChessBase"]
[SourceDate "2022.10.05"]
[SourceVersion "1"]
[SourceVersionDate "2022.10.05"]
[SourceQuality "1"]

1. Nf3 Nc6 2. d4 g6 3. c4 Bg7 4. Nc3 e6 5. e4 Nge7 6. Bf4 0-0 7. d5 Nb8 8. Bd3 d6 9. 0-0 e5 10. Bg5 Nd7 11. Qd2 f6 12. Bh6 Nc5 13. Bxg7 Kxg7 14. Bc2 f5 15. b4 Nxe4 16. Nxe4 fxe4 17. Bxe4 h6 18. Nh4 Nf5 19. Nxf5+ Bxf5 20. Bxf5 Rxf5 21. f4 exf4 22. Rxf4 Rxf4 23. Qxf4 Qf6 24. Qxf6+ Kxf6 25. Re1 Kf7 26. Rf1+ Kg7 27. Re1 Kf7 28. Rf1+ Kg7 29. Re1 1/2-1/2

[Event "Struga Youth op-A 2nd"]
[Site "Struga"]
[Date "2021.09.12"]
[Round "7"]
[White "Djorovic, Jovan"]
[Black "Kalin, Andrei"]
[Result "0-1"]
[WhiteElo "1322"]
[BlackElo "1433"]
[PlyCount "82"]
[EventDate "2021.09.08"]
[EventType "swiss"]
[EventRounds "7"]
[EventCountry "MKD"]
[SourceTitle "CBM 204 Extra"]
[Source "ChessBase"]
[SourceDate "2021.11.30"]
[SourceVersion "1"]
[SourceVersionDate "2021.11.30"]
[SourceQuality "1"]

1. c4 e6 2. Nc3 Nf6 3. g3 d5 4. cxd5 exd5 5. d4 c6 6. Bf4 Bd6 7. Bxd6 Qxd6 8. Bg2 0-0 9. e3 Bf5 10. Nge2 Re8 11. 0-0 Nbd7 12. Re1 Rad8 13. Nf4 h6 14. a3 Ne4 15. Nxe4 Bxe4 16. Bxe4 dxe4 17. Qb3 Qb8 18. Rac1 Nf6 19. Red1 Nd5 20. Nxd5 Rxd5 21. Rc5 Red8 22. Rdc1 Rxc5 23. Rxc5 Re8 24. Qc4 Qd6 25. d5 Re5 26. b4 Rxd5 27. Qxe4 Rxc5 28. Qe8+ Qf8 29. Qxf8+ Kxf8 30. bxc5 f5 31. f3 Ke7 32. Kf2 Ke6 33. e4 fxe4 34. fxe4 Ke5 35. Ke3 b5 36. cxb6 axb6 37. h4 h5 38. Kf3 c5 39. g4 hxg4+ 40. Kxg4 c4 41. Kg5 c3 0-1

[Event "Struga Youth op-A 2nd"]
[Site "Struga"]
[Date "2021.09.11"]
[Round "5"]
[White "Djorovic, Jovan"]
[Black "Kote, Aleks"]
[Result "1/2-1/2"]
[WhiteElo "1322"]
[BlackElo "1307"]
[PlyCount "71"]
[EventDate "2021.09.08"]
[EventType "swiss"]
[EventRounds "7"]
[EventCountry "MKD"]
[SourceTitle "CBM 204 Extra"]
[Source "ChessBase"]
[SourceDate "2021.11.30"]
[SourceVersion "1"]
[SourceVersionDate "2021.11.30"]
[SourceQuality "1"]

1. e4 c5 2. Nf3 d6 3. d4 cxd4 4. Nxd4 Nf6 5. Nc3 g6 6. Bc4 Bg7 7. 0-0 0-0 8. h3 Nc6 9. Nde2 Na5 10. Bd3 Be6 11. Nf4 Bd7 12. a3 Rc8 13. Bd2 Nc4 14. Bxc4 Rxc4 15. Qe2 Rc8 16. Rad1 Qb6 17. Rb1 Bc6 18. Be3 Qc7 19. f3 b6 20. Rfc1 Qb7 21. Qd2 Rfd8 22. Nfd5 Nxd5 23. Nxd5 Bxd5 24. exd5 Qd7 25. Bd4 Qf5 26. Bxg7 Kxg7 27. b3 Rc7 28. c4 Rdc8 29. Qd4+ Qf6 30. Qxf6+ Kxf6 31. Rb2 b5 32. Rbc2 bxc4 33. bxc4 Rb8 34. Kf2 Rb3 35. Rc3 Rxc3 36. Rxc3 1/2-1/2

[Event "Struga Youth op-A 2nd"]
[Site "Struga"]
[Date "2021.09.10"]
[Round "4"]
[White "Petreski, Leonid"]
[Black "Djorovic, Jovan"]
[Result "1-0"]
[WhiteElo "1811"]
[BlackElo "1322"]
[PlyCount "45"]
[EventDate "2021.09.08"]
[EventType "swiss"]
[EventRounds "7"]
[EventCountry "MKD"]
[SourceTitle "CBM 204 Extra"]
[Source "ChessBase"]
[SourceDate "2021.11.30"]
[SourceVersion "1"]
[SourceVersionDate "2021.11.30"]
[SourceQuality "1"]

1. e4 e6 2. d4 d5 3. exd5 exd5 4. Nf3 c6 5. Bd3 Nf6 6. 0-0 Be7 7. Ne5 Nbd7 8. Bf4 Nxe5 9. dxe5 Nd7 10. c3 Nf8 11. Bg3 Be6 12. Nd2 Nd7 13. Kh1 f6 14. exf6 Bxf6 15. Re1 Kf7 16. Nb3 c5 17. f4 g6 18. f5 gxf5 19. Qh5+ Kg7 20. Rxe6 Nf8 21. Rd6 Qc7 22. Rxf6 Qxg3 23. Qf7# 1-0

[Event "FRM-ch U16"]
[Site "Struga"]
[Date "2021.06.26"]
[Round "5"]
[White "Velkoski, Stojan"]
[Black "Djorovic, Jovan"]
[Result "1-0"]
[WhiteElo "1675"]
[BlackElo "1377"]
[PlyCount "111"]
[EventDate "2021.06.22"]
[EventType "swiss"]
[EventRounds "7"]
[EventCountry "MKD"]
[SourceTitle "EXT 2022"]
[Source "ChessBase"]
[SourceDate "2021.10.06"]
[SourceVersion "1"]
[SourceVersionDate "2021.10.06"]
[SourceQuality "1"]

1. e4 e6 2. d4 d5 3. Nc3 dxe4 4. Nxe4 Nd7 5. Nf3 Ngf6 6. Bd3 Nxe4 7. Bxe4 Nf6 8. Bg5 Be7 9. Bxf6 Bxf6 10. Qd3 g6 11. 0-0-0 Bg7 12. Bxb7 Rb8 13. Bxc8 Qxc8 14. c3 0-0 15. Rhe1 Rd8 16. Qc4 Qb7 17. Re2 Rd6 18. Rc2 Rb6 19. Qe2 Ra6 20. Kb1 Rb6 21. g3 Bf8 22. Ne5 Ba3 23. Nc4 Ra6 24. Nxa3 Rxa3 25. b3 Ra6 26. Rb2 Rd6 27. c4 Rbd8 28. Rbd2 a5 29. Kb2 a4 30. Qe3 axb3 31. axb3 c6 32. h4 Qd7 33. h5 c5 34. hxg6 fxg6 35. d5 exd5 36. Rxd5 Rxd5 37. Rxd5 Qg7+ 38. Qc3 Qe7 39. Rxd8+ Qxd8 40. Qe3 Qd6 41. Kc2 Kg7 42. f4 h5 43. Qe4 Kf6 44. Kc3 Qb8 45. Qc6+ Kf5 46. Qxc5+ Kg4 47. Qg5+ Kf3 48. Qxg6 Qh8+ 49. Kc2 Qa8 50. Qxh5+ Kxg3 51. Qe5 Qg2+ 52. Kc3 Qf3+ 53. Kd4 Qd1+ 54. Kc3 Qf3+ 55. Kd2 Qxb3 56. Qe3+ 1-0

[Event "Struga Lake Queen op"]
[Site "Struga"]
[Date "2019.09.07"]
[Round "2"]
[White "Nikolovski, Kiril"]
[Black "Djorovic, Jovan"]
[Result "0-1"]
[WhiteElo "1230"]
[BlackElo "1367"]
[PlyCount "76"]
[EventDate "2019.09.07"]
[EventType "swiss"]
[EventRounds "7"]
[EventCountry "MKD"]
[SourceTitle "EXT 2020"]
[Source "ChessBase"]
[SourceDate "2019.10.17"]
[SourceVersion "1"]
[SourceVersionDate "2019.10.17"]
[SourceQuality "1"]

1. e4 d6 2. d4 Nf6 3. Nc3 g6 4. Nf3 Bg7 5. Bc4 a6 6. 0-0 0-0 7. Re1 b5 8. Bb3 c5 9. a4 Bb7 10. axb5 axb5 11. Rxa8 Bxa8 12. Nxb5 Nxe4 13. Qd3 d5 14. c4 cxd4 15. Nbxd4 dxc4 16. Bxc4 e5 17. Nc2 Qxd3 18. Bxd3 f5 19. Bxe4 Bxe4 20. Na3 Rc8 21. Nb5 Bxf3 22. gxf3 Rc2 23. Nc3 Nc6 24. Nd5 Nd4 25. Kg2 Nb3 26. Bg5 Rxb2 27. Rd1 h6 28. Bf6 Rd2 29. Rxd2 Nxd2 30. Bxg7 Kxg7 31. Kg3 f4+ 32. Kg2 g5 33. h3 Kg6 34. Nc3 Kh5 35. Ne4 Nxe4 36. fxe4 Kh4 37. f3 h5 38. Kh2 g4 0-1

[Event "FRM-ch U14"]
[Site "Struga"]
[Date "2018.06.10"]
[Round "2"]
[White "Boneski, Aleksandar"]
[Black "Djorovic, Jovan"]
[Result "1/2-1/2"]
[WhiteElo "1174"]
[BlackElo "1491"]
[PlyCount "116"]
[EventDate "2018.06.09"]
[EventType "swiss"]
[EventRounds "7"]
[EventCountry "MKD"]
[SourceTitle "CBM 185 Extra"]
[Source "ChessBase"]
[SourceDate "2018.07.29"]
[SourceVersion "1"]
[SourceVersionDate "2018.07.29"]
[SourceQuality "1"]

1. e4 e5 2. Nf3 Nc6 3. Bc4 Bc5 4. Nc3 Nf6 5. d3 h6 6. Be3 d6 7. h3 0-0 8. Bb5 Nd4 9. Bxd4 Bxd4 10. Nxd4 exd4 11. Ne2 c6 12. Bc4 b5 13. Bb3 c5 14. 0-0 Qc7 15. c3 dxc3 16. Nxc3 a6 17. Nd5 Nxd5 18. Bxd5 Bb7 19. Bxb7 Qxb7 20. Qb3 Rac8 21. Rfc1 Rfd8 22. a4 b4 23. Rc2 d5 24. f3 Qa7 25. Kh1 d4 26. Rac1 Qb6 27. Rc4 Rd7 28. Rxb4 Qa7 29. Rbc4 Rb7 30. Qc2 Rbc7 31. b4 Qb6 32. Rxc5 Rxc5 33. bxc5 Qb4 34. Qc4 Qb2 35. c6 Kf8 36. c7 Ke8 37. Kh2 g5 38. Rc2 Qb1 39. Qxa6 Kd7 40. Qb5+ Qxb5 41. axb5 Rxc7 42. Rxc7+ Kxc7 43. Kg3 Kb6 44. f4 Kxb5 45. fxg5 hxg5 46. Kg4 Kb4 47. Kxg5 Kc3 48. h4 Kxd3 49. h5 Kxe4 50. h6 d3 51. h7 d2 52. h8Q d1Q 53. Qe8+ Kd3 54. Qd7+ Ke2 55. Qxd1+ Kxd1 56. Kf6 Ke2 57. Kxf7 Ke3 58. Kf6 Kf4 1/2-1/2